| 000 | 00745nam a2200253Ia 4500 | ||
|---|---|---|---|
| 003 | OSt | ||
| 005 | 20220923223417.0 | ||
| 006 | a|||||r|||| 00| 0 | ||
| 007 | ta | ||
| 008 | 220922b |||||||| |||| 00| 0 hin d | ||
| 024 | _a214,973 | ||
| 037 | _cTextual | ||
| 040 |
_aARTS _cARTS _bhin |
||
| 041 |
_2hin _ahin |
||
| 082 | _aO157,3N12x, 152M7 | ||
| 100 | _aमित्र, विमल | ||
| 245 | 0 | _aचौराहा | |
| 246 | _aChaurāhā | ||
| 260 |
_aदिल्ली _b राजपाल एण्ड संस _c1987 |
||
| 300 |
_a378 पृ. _ccm. |
||
| 650 | _aबंगाली कहानी | ||
| 942 |
_hO157,3N12x, 152M7 _cTEXL _2CC |
||
| 999 |
_c364887 _d364887 |
||